[Event "Morbihan-ch 0405"]
[Site "Arradon"]
[Date "2005.01.09"]
[Round "4"]
[White "Raynaud, Glenn"]
[Black "Chea, Ngou"]
[Result "1/2-1/2"]
[WhiteElo "1300"]
[BlackElo "1499"]
[PlyCount "49"]
[EventDate "2004.10.10"]
[EventType "swiss"]
[EventRounds "7"]
[EventCountry "FRA"]
[SourceTitle "EXT 2007"]
[Source "ChessBase"]
[SourceDate "2006.11.23"]
[SourceVersion "1"]
[SourceVersionDate "2006.11.23"]
[SourceQuality "1"]

1. e4 e6 2. Nf3 d5 3. e5 c5 4. c3 Bd7 5. d4 cxd4 6. cxd4 Bb4+ 7. Bd2 Bxd2+ 8. Nbxd2 Nc6 9. Bb5 Nxe5 10. Bxd7+ Nxd7 11. Qa4 Ngf6 12. 0-0 0-0 13. Rac1 a6 14. Rc2 Rc8 15. Rfc1 Rxc2 16. Rxc2 Qb6 17. Ne5 Qd6 18. Nxd7 Nxd7 19. Nf3 h6 20. Qa5 Kh7 21. Qc7 Qxc7 22. Rxc7 Nf6 23. Rxb7 Rc8 24. g3 Rc2 25. Ne5 1/2-1/2

[Event "FRA-chT4 0405"]
[Site "Bretagne"]
[Date "2004.12.05"]
[Round "3"]
[White "Hugg, Christophe"]
[Black "Raynaud, Glenn"]
[Result "0-1"]
[WhiteElo "1590"]
[BlackElo "1210"]
[PlyCount "60"]
[EventDate "2004.04.03"]
[EventType "team"]
[EventRounds "7"]
[EventCountry "FRA"]
[SourceTitle "EXT 2007"]
[Source "ChessBase"]
[SourceDate "2006.11.23"]
[SourceVersion "1"]
[SourceVersionDate "2006.11.23"]
[SourceQuality "1"]

1. d4 Nf6 2. Bg5 h6 3. Bf4 g5 4. Bg3 d6 5. e3 Bg7 6. Bd3 0-0 7. Nd2 Re8 8. Ne4 c5 9. c3 cxd4 10. exd4 Nxe4 11. Bxe4 f5 12. Qb3+ Kh8 13. Bxb7 Bxb7 14. Qxb7 Nd7 15. h3 f4 16. Bh2 e5 17. dxe5 Rxe5+ 18. Ne2 Rb8 19. Qxa7 Rxb2 20. 0-0-0 Rexe2 21. Rxd6 Qc8 22. Qa5 Rxa2 23. Kd1 Rxa5 24. Kxe2 Ra2+ 25. Kf3 Qxc3+ 26. Ke4 Qb4+ 27. Kd5 Rd2+ 28. Ke6 Qxd6+ 29. Kf5 Qe5+ 30. Kg4 Nf6+ 0-1

[Event "Morbihan-ch 0304"]
[Site "Morbihan"]
[Date "2003.11.08"]
[Round "2"]
[White "Le Gros, Nicolas"]
[Black "Raynaud, Glenn"]
[Result "0-1"]
[WhiteElo "1499"]
[BlackElo "1290"]
[PlyCount "70"]
[EventDate "2003.10.??"]
[EventType "swiss"]
[EventRounds "7"]
[EventCountry "FRA"]
[SourceTitle "EXT 2005"]
[Source "ChessBase"]
[SourceDate "2004.11.15"]
[SourceVersion "1"]
[SourceVersionDate "2004.11.15"]
[SourceQuality "1"]

1. d4 d5 2. c4 Nc6 3. Nc3 Nf6 4. g3 Bf5 5. Bg2 e6 6. e3 Nb4 7. e4 Nxe4 8. Nxe4 Bxe4 9. Bxe4 dxe4 10. Be3 Nd3+ 11. Ke2 Nxb2 12. Qb3 Nd3 13. f3 f5 14. Rd1 b6 15. Rxd3 exd3+ 16. Qxd3 g6 17. Nh3 c5 18. Nf4 Kf7 19. d5 exd5 20. cxd5 Rc8 21. Qc4 Qd6 22. Rd1 Bh6 23. Kf2 Rc7 24. Qc3 Rb8 25. Bc1 b5 26. Ne6 Bxc1 27. Qxc1 Rcc8 28. Ng5+ Kg7 29. Qc3+ Qf6 30. Ne6+ Kf7 31. Qe3 Qe7 32. Qh6 Kg8 33. Re1 Qf7 34. Ng5 Qg7 35. d6 Qxh6 0-1